00326nam a22001217a 450000500170000000800410001704000130005808200210007110000180009224500530011026000300016330000110019320160106112259.0160106b xxu||||| |||| 00| 0 eng d cPK-LaUMT aMMC 954.9bJAM-P aJameel Jalibi aPakistan the indentity of culturecJameel Jalibi aKarachibRoyal bookc1984 a213 p.